Osu-beatmap by its backround - Statistics

General Stats
  • This quiz has been taken 69 times
  • The average score is 11 of 16
Answer Stats
Picture Answer % Correct
Galaxy Collapse
88%
Bad Apple!!
84%
The Big Black
84%
FREEDOM DiVE
82%
Everything will freeze
80%
PADORU / PADORU
79%
Sound Chimera
79%
Harumachi Clover
75%
quaver
70%
Highscore
64%
RAISE MY SWORD
59%
No title
57%
A FOOL MOON NIGHT
55%
Can't Defeat Airman
43%
Save Me
43%
Nevermind
27%
No matching quizzes found
Score Distribution
Percent of People with Each Score
Percentile by Number Answered
Your Score History
You have not taken this quiz